Central Library OPAC University of Rajshahi

Understanding social networks : (Record no. 57519)

MARC details
000 -LEADER
fixed length control field 01342nam a2200265 a 4500
001 - CONTROL NUMBER
control field 57519
003 - CONTROL NUMBER IDENTIFIER
rucl marc code BD-RjUL
005 - DATE AND TIME OF LATEST TRANSACTION
control field 20211209080525.0
008 - FIXED-LENGTH DATA ELEMENTS--GENERAL INFORMATION
fixed length control field 161210s2012 nyua b 001 0 eng
020 ## - INTERNATIONAL STANDARD BOOK NUMBER
International Standard Book Number 9780195379464 (cloth : alk. paper)
International Standard Book Number 9780195379471 (pbk. : alk. paper)
035 ## - SYSTEM CONTROL NUMBER
System control number (BD-RjUL) 57643
040 ## - CATALOGING SOURCE
Original cataloging agency DLC
Transcribing agency DLC
Modifying agency DLC
Language of cataloging eng
041 ## - LANGUAGE CODE
Language code of text/sound track or separate title eng
082 00 - DEWEY DECIMAL CLASSIFICATION NUMBER
Edition number 23
Classification number 302.3
Author mark and year KAU 2012
100 1# - MAIN ENTRY--PERSONAL NAME
Personal name Kadushin, Charles.
9 (RLIN) 170813
245 10 - TITLE STATEMENT
Title Understanding social networks :
Remainder of title theories, concepts, and findings /
Statement of responsibility, etc. Charles Kadushin.
260 ## - PUBLICATION, DISTRIBUTION, ETC. (IMPRINT)
Place of publication, distribution, etc. New York :
Name of publisher, distributor, etc. Oxford University Press,
Date of publication, distribution, etc. c2012.
300 ## - PHYSICAL DESCRIPTION
Pagination xii, 252 p. :
Illustrations ill. ;
Size 24 cm.
504 ## - BIBLIOGRAPHY, ETC. NOTE
Bibliography, etc Includes bibliographical references and index.
505 0# - FORMATTED CONTENTS NOTE
Formatted contents note Introduction -- Basic network concepts: part I individual members of networks -- Basic network concepts: part II whole social networks -- Basic network concepts: part III network segmentation -- Psychological foundations of social networks -- Small groups, leadership and social networks -- Organizations and networks -- The small world, circles and communities -- Influence and diffusion -- Networks as social capital -- Ethical dilemmas of social network research -- Coda: ten master ideas of social networks.
650 #0 - SUBJECT ADDED ENTRY--TOPICAL TERM
Topical term or geographic name as entry element Social networks.
9 (RLIN) 170814
942 ## - ADDED ENTRY ELEMENTS (KOHA)
Source of classification or shelving scheme Dewey Decimal Classification
Koha item type Books
Holdings
Lost status Source of classification or shelving scheme Damaged status Not for loan Collection code Permanent Location Current Location Shelving location Date acquired Source of acquisition Cost, normal purchase price Total Checkouts Full call number Date last seen Copy number Koha item type
  Dewey Decimal Classification   Not For Loan Non-fiction Central Library, University of Rajshahi Central Library, University of Rajshahi Reading Room 04/07/2013 Paragon Enterprises Dhaka 1995.00   302.3 KAU 2012 10/12/2016 C-1 Books